000
00268nam a2200109Ia 4500
008
230907s9999||||xx |||||||||||||| ||und||
082
_a
531.382
_b
TIM
245
0
_a
Theory of elasticity /
260
_a
McGraw-Hill,
_b
New Delhi :
_c
2014
300
_a
567 p.
942
_c
BK
999
_c
600387
_d
600387